US Cities by Most Workers - 100k+ - Easy - Statistics

General Stats
  • This quiz has been taken 8 times
  • The average score is 134 of 150
Answers on the Map
Answers color-coded by a green-red scale on the quiz's map according to % correct below.
 
Answer Stats
City Workers % Correct
Albany 106,530
100%
Albuquerque 297,502
100%
Alexandria 100,854
100%
Anaheim 183,184
100%
Anchorage 160,868
100%
Ann Arbor 120,193
100%
Arlington 162,452 | 197,298
100%
Atlanta 550,913
100%
Austin 747,198
100%
Bakersfield 167,763
100%
Baltimore 375,533
100%
Baton Rouge 173,248
100%
Birmingham 187,329
100%
Boston 642,040
100%
Buffalo 160,816
100%
Cambridge 137,701
100%
Chandler 152,494
100%
Charlotte 604,486
100%
Chesapeake 101,859
100%
Chicago 1,514,970
100%
Cincinnati 250,604
100%
Cleveland 261,423
100%
Colorado Springs 252,895
100%
Columbus 107,569 | 519,989
100%
Dallas 878,505
100%
Denver 546,705
100%
Des Moines 136,254
100%
Detroit 275,239
100%
Durham 182,163
100%
El Paso 304,816
100%
Fort Lauderdale 171,704
100%
Fort Worth 499,647
100%
Fresno 255,906
100%
Grand Rapids 136,121
100%
Greensboro 192,177
100%
Honolulu 281,954
100%
Houston 1,818,388
100%
Huntsville 153,787
100%
Indianapolis 545,105
100%
Jacksonville 538,612
100%
Jersey City 140,433
100%
Kansas City 329,879
100%
Las Vegas 363,381
100%
Lincoln 171,829
100%
Little Rock 170,541
100%
Long Beach 194,431
100%
Los Angeles 2,088,605
100%
Louisville 364,386
100%
Madison 208,374
100%
Memphis 398,222
100%
Mesa 194,511
100%
Miami 489,532
100%
Milwaukee 273,012
100%
Minneapolis 328,363
100%
Mobile 130,143
100%
Montgomery 126,481
100%
Nashville 486,324
100%
Newark 172,180
100%
New Orleans 222,425
100%
Newport News 119,008
100%
New York 4,727,365
100%
Norfolk 189,053
100%
Oakland 217,448
100%
Omaha 319,844
100%
Overland Park 130,242
100%
Philadelphia 792,620
100%
Phoenix 888,989
100%
Pittsburgh 289,743
100%
Portland 481,314
100%
Providence 124,595
100%
Raleigh 331,376
100%
Reno 163,681
100%
Rochester 147,206
100%
Sacramento 334,808
100%
Salt Lake City 266,241
100%
San Antonio 829,168
100%
San Diego 903,171
100%
San Francisco 713,503
100%
San Jose 437,514
100%
Seattle 616,439
100%
St. Louis 256,678
100%
St. Paul 178,977
100%
St. Petersburg 136,685
100%
Tampa 366,777
100%
Tucson 306,863
100%
Virginia Beach 221,298
100%
Washington 774,246
100%
West Palm Beach 106,960
100%
Wichita 204,703
100%
Winston-Salem 148,688
100%
Akron 103,609
80%
Asheville 100,102
80%
Augusta 129,873
80%
Aurora 161,014
80%
Boise 162,757
80%
Charleston 110,077
80%
Chattanooga 176,517
80%
Columbia 150,973
80%
Corpus Christi 154,144
80%
Eugene 100,457
80%
Fayetteville 142,839
80%
Fort Collins 105,712
80%
Fort Wayne 147,007
80%
Gainesville 101,658
80%
Greenville 107,579
80%
Henderson 100,739
80%
Irvine 266,162
80%
Irving 194,891
80%
Knoxville 178,657
80%
Lafayette 105,770
80%
Laredo 103,326
80%
Lexington 198,122
80%
Lubbock 136,058
80%
Oklahoma City 431,547
80%
Orlando 377,034
80%
Paradise 233,892
80%
Plano 212,702
80%
Richmond 174,741
80%
Riverside 171,673
80%
Salem 102,593
80%
Santa Ana 142,492
80%
Santa Clara 115,402
80%
Savannah 122,218
80%
Scottsdale 194,895
80%
Sioux Falls 121,861
80%
Spokane 135,541
80%
Springfield 153,788
80%
Stockton 117,766
80%
Tacoma 125,998
80%
Tallahassee 145,489
80%
Tempe 184,354
80%
Toledo 128,928
80%
Tulsa 277,354
80%
Vancouver 108,791
80%
Worcester 109,048
80%
Bellevue 131,264
60%
Boca Raton 114,236
60%
Boulder 102,973
60%
Ontario 122,385
60%
Orange 105,276
60%
San Bernardino 111,224
60%
Sandy Springs 104,944
60%
Cary 103,003
40%
Fremont 114,548
40%
Pasadena 117,473
40%
Richardson 105,464
40%
Sunnyvale 109,956
20%
Torrance 105,096
20%
No matching quizzes found
Score Distribution
Percent of People with Each Score
Percentile by Number Answered
Your Score History
You have not taken this quiz